000 01303nam a22002777a 4500
999 _c63799
_d63799
005 20240530110659.0
008 171225s2015 ua a g b 000 0dara d
017 _a2015/8621
_bمصر. دار الكتب
020 _a9789779202402
040 _aEG-CaGPL
_cEG-CaGPL
082 0 4 _221
_a909.07\
_bهـ إ
100 1 _aهويزنجا ، يوهان
245 1 0 _aاضمحلال العصور الوسطى :
_bدراسة لنماذج الحياة والفكر والفن بفرنسا والاراضى المنخفضة /
_cتأليف يوهان هويزنجا ؛ ترجمة عبدالعزيز توفيق جاويد ؛ تقديم مصطفى النشار .
250 _aط.1
260 _aالقاهرة :
_bالمركز القومى للترجمة ،
_c2015 .
300 _a350 ص. ؛
_c24 سم.
490 _aالمركز القومى للترجمة : سلسلة ميراث الترجمة ؛
_v2606
650 0 7 _2qrmak
_aالعصور الوسطى
650 0 7 _2qrmak
_aالحياة الدينية
_yالعصور الوسطى
650 0 7 _2qrmak
_aالفن
_yالعصور الوسطى
651 _2qrmak
700 0 _aعبدالعزيز توفيق جاويد
_eمترجم
700 0 _aمصطفى النشار
_eمقدم
942 _2ddc
_cBK